000 00631ntaaa2200193 4500
003 01
005 20251027202626.0
008 0714s1973 ag 01
040 _aAR-BaBN
_bspa
_cAR-BaBN
_eaacr
_dRIC
082 _a371.26 T84
100 _aTurner, David
_925567
245 _aHow to pass high on college entrance tests /
_cDavid Turner, Alison Peters
250 _a6th ed.
260 _aNew York :
_bArco Publishing Company,
_cc1959
500 _a"Complete list of U.S. colleges with entrance test requirements for each"
500 _aBAJA PATRIMONIAL POR OBSOLESCENCIA 20190405
700 _aPeters, Alison
_925568
942 _cBK
999 _c21411
_d21411